Rois de Jérusalem. - Statistiques

Statistiques générales
  • Ce quiz a été pris 212 fois
  • Le résultat moyen est 9 sur 19
Statistiques - réponses
Dynastie Règne Rois % Correct
1100 - 1118 Baudouin Ier
81%
Rethel 1118 - 1131 Baudouin II
81%
1143 - 1162 Baudouin III
81%
1174 - 1185 Baudouin IV
81%
Montferrat 1183 - 1186 Baudouin V
81%
Lusignan 1186 - 1192 Guy
63%
Brienne 1210 - 1225 Jean Ier
63%
Boulogne 1099 - 1100 Godefroy
57%
Blois 1192 - 1197 Henri
51%
Hohenstaufen 1225 - 1250 Frédéric II
48%
Gâtinais-Anjou 1131 - 1143 Foulques
34%
1162 - 1174 Amaury Ier
32%
Lusignan 1998 - 1205 Amaury II
32%
Montferrat 1192 Conrad Ier
32%
Montferrat 1205 - 1212 Marie
24%
1212 - 1228 Isabelle II
22%
Gâtinais-Anjou 1192 - 1205 Isabelle Ire
22%
1131 - 1143 Mélisende
20%
Gâtinais-Anjou 1186 - 1190 Sibylle
20%
Aucun quiz correspondant
Distribution des résultats
% des personnes avec chaque résultat
Percentile par nombre de réponses
Votre historique - résultats
Vous n’avez pas pris ce quiz